| 000 | 00000nam 2200000zi 4500 |
| 001 | 9.894624 |
| 003 | CaOODSP |
| 005 | 20230112122939 |
| 006 | m o d f |
| 007 | cr cn||||||||| |
| 008 | 201214t20202020oncdao o f000 0 eng d |
| 040 | |aCaOODSP|beng|erda|cCaOODSP |
| 043 | |an-cn--- |
| 086 | 1 |aCR22-42/2020E-PDF |
| 245 | 00|aSSHRC CRSH strategic plan : |bmomentum : 2020-2022. |
| 246 | 3 |aMomentum 2020-2022 : |bstrategic plan for the Social Sciences and Humanities Research Council |
| 246 | 3 |aStrategic plan for the Social Sciences and Humanities Research Council : |bmomentum 2020-2022 |
| 264 | 1|a[Ottawa] : |bSocial Sciences and Humanities Research Council of Canada = Conseil de recherches en sciences humaines du Canada, |c[2020] |
| 264 | 4|c©2020 |
| 300 | |a1 online resource (38 pages) : |bcharts, illustrations, photographs |
| 336 | |atext|btxt|2rdacontent |
| 337 | |acomputer|bc|2rdamedia |
| 338 | |aonline resource|bcr|2rdacarrier |
| 500 | |aIssued also in French under title: CRSH SSHRC plan stratégique : momentum : 2020-2022. |
| 500 | |aCover title. |
| 500 | |aAlso issued in HTML format. |
| 520 | |a"Over the past five years, the Social Sciences and Humanities Research Council (SSHRC) has advanced the contributions of world-class research in the social sciences and humanities to meet Canada's long-term challenges and promote new opportunities for Canadians. A strong research ecosystem is vital to improving our communities, our economy, our cultural fabric, and the overall quality of life in this country"--Introduction, page 4. |
| 610 | 20|aSocial Sciences and Humanities Research Council of Canada|xPlanning. |
| 710 | 2 |aSocial Sciences and Humanities Research Council of Canada, |eissuing body. |
| 775 | 08|tCRSH SSHRC plan stratégique : |w(CaOODSP)9.894631 |
| 794 | |tSSHRC CRSH strategic plan : |w(CaOODSP)9.892200 |
| 795 | |tSSHRC's strategic plan to 2020 |w(CaOODSP)9.816376 |
| 856 | 40|qPDF|s24.42 MB|uhttps://publications.gc.ca/collections/collection_2020/crsh-sshrc/CR22-42-2020-eng.pdf |
| 856 | 4 |qHTML|sN/A|uhttps://www.sshrc-crsh.gc.ca/about-au_sujet/publications/strategic_plans-plans_strategiques/2020/momentum-eng.aspx |